GENEZA SLÁDKOVIČOVEJ BÁSNE ČO VY ZA NIČ NEMÁTE NÁS?!

Bibliographic Details
Main Author: Ormis, Ján Vladimír, 1903-1993 (Author)
Format: Article
Language:Slovak

MARC

LEADER 00000nab a2200000uu 4500
001 vtls010896381
003 SK-MaSNL
005 20260303141734.0
008 230222| xo |||||||||||||||||slo|
015 |a SNBRB 
035 |a (urnnbn)urn:nbn:sk:snk:ar-006kz5 
035 |a (uuid)3ffa4979-587b-4adb-9ee8-8f368cda5642 
035 |a urn:nbn:sk:snk-ab8p1u 
040 |a SNKBUCL  |b slo  |c SNKBUCL  |e AACR2 
041 0 |a slo 
044 |a xo  |c SK 
100 1 |a Ormis, Ján Vladimír,  |d 1903-1993  |4 aut  |9 105137 
245 1 0 |a GENEZA SLÁDKOVIČOVEJ BÁSNE ČO VY ZA NIČ NEMÁTE NÁS?!  |c Ján V. Ormis 
773 0 |t Sborník Matice slovenskej  |g Roč. 16-17, č. 5-6 (1938-1939), s. 477-478 
954 |a odborná, vedecká literatúra pôvodná (slovenská)  |2 lita 
958 |a OND 
958 |a EUIPO 
958 |a article10 
999 |c 1978352  |d 1980282